E-learning portál a jeho využitie v edukácii a pri riadení organizácie
Problematika elektronického vzdelávania, jeho využívanie v edukačnom procese. Pomoc pri riadení školských organizácií. Rozvoj technológií virtuálnych učební. Tvorba animácií v programe od Macromedia - Captative WIN EVLP určený pre školy. Learning Management System (LMS) - nástroj pre manažérov. Ente...
Gespeichert in:
| 1. Verfasser: | |
|---|---|
| Format: | Buchkapitel |
| Sprache: | Slowakisch |
| Schlagworte: | |
| Tags: |
Keine Tags, Fügen Sie das erste Tag hinzu!
|
MARC
| LEADER | 00000naa$a2200000$$$4500 | ||
|---|---|---|---|
| 001 | 0035824 | ||
| 005 | 20231010123505.1 | ||
| 041 | 0 | |a slo | |
| 044 | |a SK | ||
| 245 | 1 | 0 | |a E-learning portál a jeho využitie v edukácii a pri riadení organizácie |c Štefan Ligas |
| 520 | |a Problematika elektronického vzdelávania, jeho využívanie v edukačnom procese. Pomoc pri riadení školských organizácií. Rozvoj technológií virtuálnych učební. Tvorba animácií v programe od Macromedia - Captative WIN EVLP určený pre školy. Learning Management System (LMS) - nástroj pre manažérov. Enterprise Knowledge Platform (EKB) - výkonný systém pre riadenie vyučovania. | ||
| 610 | 2 | 0 | |a vzdelávanie elektronické |
| 610 | 2 | 0 | |a vyučovanie programové |
| 610 | 2 | 0 | |a vzdelávanie |
| 610 | 2 | 0 | |a kurzy |
| 610 | 2 | 0 | |a moduly |
| 100 | 1 | |a Ligas, Štefan | |